header

Irishness and womanhood in nineteenth-century British writing (Record no. 572)

MARC details
000 -LEADER
fixed length control field 01511nam a2200361Ia 4500
100 1# - MAIN ENTRY--AUTHOR NAME
Personal name Tracy, Thomas
245 10 - TITLE STATEMENT
Title Irishness and womanhood in nineteenth-century British writing
260 ## - PUBLICATION, DISTRIBUTION, ETC. (IMPRINT)
Place of publication Aldershot, Hants, England ;
-- Burlington, VT :
Name of publisher Ashgate Pub. Co.,
Year of publication c2009.
300 ## - PHYSICAL DESCRIPTION
Number of Pages [vii], 196 p.
650 #0 - SUBJECT ADDED ENTRY--TOPICAL TERM
Topical Term English fiction
Topical Term English fiction
Topical Term National characteristics, Irish, in literature.
Topical Term National characteristics, British, in literature.
Topical Term Nationalism in literature.
Topical Term Women in literature.
Topical Term Irish question.
856 40 - ELECTRONIC LOCATION AND ACCESS
Uniform Resource Identifier http://site.ebrary.com/lib/rucke/Doc?id=10288754

No items available.

© 2026 Rongo University
Contact us: librarian | system librarian | Rongo university